| 000 | 00558nam a22001817a 4500 | ||
|---|---|---|---|
| 999 |
_c172831 _d172831 |
||
| 005 | 20200213131645.0 | ||
| 010 | _aENG-127731 | ||
| 020 |
_c145.00 _a9789388927543 |
||
| 035 | _aEN-111263 | ||
| 037 | _bDBAD/PUB | ||
| 082 | _a883.08 | ||
| 100 | _aVyas,Namrata | ||
| 245 |
_aA critical study of Priya: _cby Namrata Vyas _bin Incredible Indyaa by Namita Gokhale/ |
||
| 260 |
_aAhmedabad _c2019 _bVedant Publication |
||
| 270 |
_aRajkot, Ahmedabad, Surat _e360001 _bAhmedabad |
||
| 300 |
_a117p. _b21cm(pbk) |
||
| 942 |
_2ddc _cEN _h883.08 _mVYA |
||